Welcome to the Holygrace Academy Library

Please use search bar below to get started

MUSIC SWAMI AND OTER STORIES (Record no. 2857)

MARC details
000 -LEADER
fixed length control field 00398nam a22001577a 4500
020 ## - INTERNATIONAL STANDARD BOOK NUMBER
ISBN 978-81-254-3520-3
082 ## - DEWEY DECIMAL CLASSIFICATION NUMBER
Classification number 823
Item number YEA/M
100 ## - MAIN ENTRY--AUTHOR NAME
Personal name VENOGOPAL, K
245 ## - TITLE STATEMENT
Title MUSIC SWAMI AND OTER STORIES
Remainder of title MALI STORIES
246 ## - VARYING FORM OF TITLE
Title proper/short title MUSIC SWAMI AND OTER STORIES
Remainder of title MALI STORIES
260 ## - PUBLICATION, DISTRIBUTION, ETC. (IMPRINT)
Place of publication KOTTAYAM
Name of publisher DC BOOKS
Year of publication 2016
300 ## - PHYSICAL DESCRIPTION
Number of Pages 59
520 ## - SUMMARY, ETC.
Summary, etc MALI STORIES
650 ## - SUBJECT ADDED ENTRY--TOPICAL TERM
Topical Term MALI STORIES
942 ## - ADDED ENTRY ELEMENTS (KOHA)
Koha item type Books
Holdings
Withdrawn status Lost status Collection code Home library Current library Shelving location Date acquired Source of acquisition Cost, normal purchase price Full call number Accession Number Koha item type
    Fiction Main Library Main Library SHELF 4-F ENGLISH CLASSICS 24/01/2019 Purchase 95.00 823 YEA/M 10591 Books